书目信息 |
| 书名: | Techniques of CHINESE Table Tennis Players | |
| 作者: | Compiled by CHINA SPORT Edition Board ,Beining. | |
| 分册号: | ||
| 分册名: | 出版地: | HONG KONG : |
|
| 出版社: | HAI FENG PUBLISHING COMMPANY | |
| 出版时间: | c1981. | |
| 页数: | 105 p. ; | |
| 开本: | 21cm. | |
| 丛书名: | ||
| 中图分类号: | ||
| 科图分类号: | ||
| 其他分类号: | G846.1 | |
| 主题词: | ||
| 电子资源: | ||
| 000 | 00504nam 2200145 a 4500 | |
| 001 | E0730434594 | |
| 005 | 20070428083644.89 | |
| 008 | 070428s1981 00010 eng | |
| 040 | @aPFT@beng | |
| 090 | @aG846.1 | |
| 099 | @dG846.1@ex1 | |
| 245 | 1 | @aTechniques of CHINESE Table Tennis Players / @cCompiled by CHINA SPORT Edition Board ,Beining. |
| 260 | @aHONG KONG :@bHAI FENG PUBLISHING COMMPANY@f(China Fen Hin Printing Co.,Ltd.,@cc1981. | |
| 300 | @a105 p. ;@c21cm. | |
| 710 | @aCHINA SPORT Edition Board ,Beining. | |
| Techniques of CHINESE Table Tennis Players / / Compiled by CHINA SPORT Edition Board ,Beining.-HONG KONG : : HAI FENG PUBLISHING COMMPANY ((China Fen Hin Printing Co.,Ltd.,). , c1981. |
| 105 p. ; ; 21cm. |
| ISBN |
| ● |
| 相关链接 |
|
|
|
|
正题名:Techniques of CHINESE Table Tennis Players
索取号:G846.1/x1
 
预约/预借
| 序号 | 登录号 | 条形码 | 馆藏地/架位号 | 状态 | 备注 |
| 1 | 181639 | 001075339 | 第二样本阅览室/ [索取号:G846.1/x1] | 在馆 |